|
|
|
|
| LEADER |
00916nam a22002297a 4500 |
| 001 |
AAL4169 |
| 003 |
BD-DhAAL |
| 005 |
20160318173829.0 |
| 008 |
160318m20032001bg a|||| |||| 00| 0 ben d |
| 020 |
|
|
|a 9843115551
|
| 040 |
|
|
|a BD-DhAAL
|c BD-DhAAL
|
| 082 |
|
|
|a 346.043
|
| 100 |
|
|
|a ইসলাম, মোঃ মতিউল
|9 18585
|
| 245 |
|
|
|a জমি জমার আইন ও আলোচনা /
|c মোঃ মতিউল ইসলাম
|
| 260 |
|
|
|a ঢাকা :
|b জমিন প্রকাশনী,
|c ২০০৩
|
| 300 |
|
|
|a ১৭৫ পৃ. :
|b চিত্র ;
|c ২২ সে.মি.
|
| 541 |
|
|
|e 4169
|
| 650 |
|
|
|a Land Law
|9 18586
|
| 852 |
|
|
|a Savar Campus Library
|c General Stacks
|
| 942 |
|
|
|2 ddc
|c BK
|
| 999 |
|
|
|c 37140
|d 37140
|
| 952 |
|
|
|0 0
|1 0
|2 ddc
|4 0
|6 346_043000000000000_ISL
|7 0
|9 58408
|a SCL
|b SCL
|c GEN
|d 2016-03-18
|g 125.00
|l 2
|m 3
|o 346.043 ISL
|p 3020004169
|r 2025-11-15
|s 2025-10-13
|t 1
|w 2016-03-18
|y BK
|